Loading...
| Religion | 2 | 3 | 0 | 2 | 60 | 29 | 83.80 | 3 | 5 | 0.00 | 0.00 |
| Science - Biology | 1 | 3 | 0 | 1 | 45 | 48 | 85.75 | 3 | 4 | 0.00 | 0.00 |
| Fine Arts - Other | 2 | 1 | 0 | 1 | 40 | 33 | 82.00 | 3 | 3 | 0.00 | 0.00 |
| History - European | 2 | 1 | 1 | 0 | 35 | 48 | 65.00 | 3 | 3 | 0.00 | 0.00 |
| Science - Other | 1 | 2 | 0 | 0 | 35 | 62 | 88.33 | 1 | 3 | 0.00 | 0.00 |
| Science - Chemistry | 1 | 2 | 0 | 1 | 35 | 34 | 81.67 | 2 | 3 | 0.00 | 0.00 |
| History - Other | 2 | 0 | 0 | 0 | 30 | 39 | 48.50 | 2 | 2 | 0.00 | 0.00 |
| Literature - European | 0 | 3 | 0 | 1 | 30 | 90 | 101.67 | 1 | 3 | 0.00 | 0.00 |
| Philosophy | 0 | 3 | 0 | 1 | 30 | 74 | 94.33 | 3 | 3 | 0.00 | 0.00 |
| Social Science | 0 | 3 | 0 | 1 | 30 | 85 | 100.67 | 3 | 3 | 0.00 | 0.00 |
| Fine Arts - Auditory | 1 | 1 | 0 | 1 | 25 | 53 | 84.50 | 2 | 2 | 0.00 | 0.00 |
| History - American | 2 | 0 | 1 | 0 | 25 | 66 | 66.00 | 2 | 2 | 0.00 | 0.00 |
| Literature - American | 1 | 1 | 1 | 0 | 20 | 54 | 72.00 | 2 | 2 | 0.00 | 0.00 |
| Mythology | 0 | 1 | 0 | 0 | 10 | 118 | 118.00 | 1 | 1 | 0.00 | 0.00 |
| Literature - World | 0 | 1 | 0 | 0 | 10 | 95 | 95.00 | 1 | 1 | 0.00 | 0.00 |
| Religion- | 0 | 1 | 0 | 0 | 10 | 105 | 105.00 | 0 | 1 | 0.00 | 0.00 |
| Religion- Edited | 0 | 1 | 0 | 0 | 10 | 108 | 108.00 | 0 | 1 | 0.00 | 0.00 |
| Mythology- Edited | 0 | 1 | 0 | 1 | 10 | 119 | 119.00 | 0 | 1 | 0.00 | 0.00 |
| Science - Physics | 0 | 1 | 0 | 1 | 10 | 131 | 131.00 | 0 | 1 | 0.00 | 0.00 |
| Fine Arts - Visual | 0 | 1 | 1 | 0 | 5 | 94 | 94.00 | 0 | 1 | 0.00 | 0.00 |
| Geography | 0 | 0 | 1 | 0 | -5 | 0.00 | 0 | 0 | 0.00 | 0.00 | |
| History - World | 0 | 0 | 1 | 0 | -5 | 0.00 | 0 | 0 | 0.00 | 0.00 |